| 000 | 00994cab a2200253 4500 | ||
|---|---|---|---|
| 001 | WB3339-12 | ||
| 008 | 090401t1997 xxu||||| |||| 00| 0 eng d | ||
| 035 | _a(Sirsi) u81385 | ||
| 041 | _aeng | ||
| 245 | _aNew property fund in doubt | ||
| 260 | _c1997 | ||
| 350 | _a0 | ||
| 490 |
_aFinancial Times _v9 October 1997, 18 |
||
| 490 |
_aWeekend Financial Times _v10 October 1997, 3(1) |
||
| 520 | _aPlans to introduce a new type of tax-efficient property fund have been halted by the Irish government. Agreement between the Irish Property Unitisation Association and the Revenue Commissioners had been reached. However a spokesman at the Department of Finance has cast doubt on the success of the scheme. | ||
| 650 | _aINDIRECT PROPERTY INVESTMENT | ||
| 650 | _aIRELAND | ||
| 650 | _aIRISH PROPERTY UNITISATION ASSOCIATION | ||
| 650 | _aPROPERTY FUND | ||
| 650 | _aPROPERTY INVESTMENT | ||
| 690 | _aPROPERTY-PROPERTY FINANCE AND INVESTMENT | ||
| 942 | _n0 | ||
| 948 | _c10/10/1997 | ||
| 999 |
_c51277 _d51277 |
||